| 000 | 00693 a2200217 4500 | ||
|---|---|---|---|
| 005 | 20250507071014.0 | ||
| 020 | _a9789251070635 | ||
| 050 |
_aSB451 _bLAN 2011 |
||
| 100 |
_aLandon-Lane, Chris _eauthor |
||
| 245 |
_aLivelihoods grow in gardens / _cChris Landon-Lane |
||
| 250 | _aSecond edition | ||
| 264 |
_aRome : _bFAQ, _c2011 |
||
| 300 |
_avii, 79 pages : _billustrations (coloured) |
||
| 336 |
_2rdacontent _atext _btxt |
||
| 337 |
_2rdamedia _aunmediated _bn |
||
| 338 |
_2rdacarrier _avolume _bnc |
||
| 440 | _aDiversification booklet number 2 | ||
| 500 | _aIncludes sources of further readings and support | ||
| 650 |
_aGardening _xLivelihood |
||
| 942 |
_2lcc _cBK _e2nd ed. _h451 _iLAN _kSB |
||
| 999 |
_c5783 _d5783 |
||